| 000 | 00453nab a2200145Ia 4500 | ||
|---|---|---|---|
| 003 | ES-SlBCS | ||
| 005 | 20210601125305.0 | ||
| 008 | 140529s2000 xxu||||| |||| 00| 0 eng d | ||
| 041 | _aeng | ||
| 100 | 1 |
_aWeberman, David _9133094 |
|
| 245 | 0 | 2 |
_aA New Defense of Gadamer's Hermeneutics _c David Weberman |
| 600 | 0 | 4 |
_aGadamer-Hermenéutica _9131747 |
| 773 | 0 |
_tPhilosophy and Phenomenological Research _gvol. 60, 2000, págs. 45-66 _wRev1411 |
|
| 942 | _cAR | ||
| 999 |
_c527914 _d527914 |
||